logo

Bir Sreshtho Munshi Abdur Rouf Library
Jhenaidah Cadet College

এবং আবৃত্তির কবিতা / (Record no. 11389)

MARC details
000 -LEADER
fixed length control field 00747nam a2200229 a 4500
001 - CONTROL NUMBER
JCCL Control Number 11389
003 - CONTROL NUMBER IDENTIFIER
JCCL marc code BD-JhCC
005 - DATE AND TIME OF LATEST TRANSACTION
control field 20200116134008.0
008 - FIXED-LENGTH DATA ELEMENTS--GENERAL INFORMATION
fixed length control field 190909b20162019bg |||| ||a| 000 0 ben d
020 ## - INTERNATIONAL STANDARD BOOK NUMBER
International Standard Book Number 9789849142850
035 ## - SYSTEM CONTROL NUMBER
system control number (BD-JhCC)11389
040 ## - CATALOGING SOURCE
Original cataloging agency BD-JhCC
Modifying agency BD-JhCC
041 ## - LANGUAGE CODE
Language code of Book ben
082 ## - DEWEY DECIMAL CLASSIFICATION NUMBER
Classification number 891.4415
Author mark and Year EBO 2019
245 ## - TITLE STATEMENT
Title এবং আবৃত্তির কবিতা /
Statement of responsibility, etc সম্পাদনা: রবিশঙ্কর মৈত্রী ।
260 ## - PUBLICATION, DISTRIBUTION, ETC. (IMPRINT)
Place of publication, distribution, etc ঢাকা:
Name of publisher, distributor, etc শব্দশলী;
Date of publication, distribution, etc ২০১৯.
300 ## - PHYSICAL DESCRIPTION
Pagination ৪৩০ পৃ. :
Dimensions ২২ সেমি.
650 ## - SUBJECT ADDED ENTRY--TOPICAL TERM
Topical term or geographic name as entry element Bengali Poetry
700 ## - ADDED ENTRY--PERSONAL NAME
Personal name মৈত্রী, রবিশঙ্কর
942 ## - ADDED ENTRY ELEMENTS (KOHA)
Source of classification or shelving scheme Dewey Decimal Classification
Koha item type Books
Koha issues (borrowed), all copies 1
Holdings
Source of classification or shelving scheme Damaged status Not for loan Home library Current library Shelving location Date of accession Cost, normal purchase price Total Checkouts Full call number Barcode Checked out Date last seen Date checked out Copy number Koha item type
Dewey Decimal Classification     JCC Rouf Library JCC Rouf Library General Stacks 09/09/2019 468.00 3 891.4415 EBO 2019 15474 02/08/2026 01/14/2026 01/14/2026 C-1 Books

JCC Library | Contacts | JCC Home

Last Update on 23 September 2017
Copyright @ 2017-2020 JCC Rouf Library
Rouf Library, Jhenidah Cadet College (JCC), Bangladesh